• 首页
  • 本馆介绍
  • 公告通知
  • 最新文献
  • 馆藏检索
  • 电子资源
  • 读者导购
  • 参考咨询
  • 我的图书馆
  • 登录
  • 详细信息显示
  • 放入我的书架
  • 预约/预借图书
  • 作者相关作品
  • 分类相关作品
  • 丛书相关作品
  • 出版社相关作品

书目信息

  • 表格格式
  • 工作单格式
  • 卡片格式
题名:
国际民事程序与商事仲裁法
    
 
作者: 屈广清 主编
分册:  
出版信息: 北京   法律出版社  2006
页数: 274页
开本: 23cm
丛书名:
单 册:
中图分类: D997.3 , D997.4
科图分类:
主题词: 国际商事仲裁--高等学校--教材 , 国际私法 , 国际私法--民事诉讼法--高等学校--教材 , 国际商事仲裁 , 民事诉讼法
电子资源:
ISBN: 7-5036-6054-6
000 00981nam0 2200289 450
001 003111684
005 20070805175609.67
010    @a7-5036-6054-6@dCNY28.00
100    @a20060104d2006 em y0chiy0110 ea
101 0  @achi
102    @aCN@b110000
105    @ay z 000yy
200 1  @a国际民事程序与商事仲裁法@9guo ji min shi cheng xu yu shang shi zhong cai fa@f屈广清主编
210    @a北京@c法律出版社@d2006
215    @a274页@d23cm
300    @a高等院校文科教材
330    @a本书内容包括:概论、当事人的民事诉讼地位、管辖权、国际民事诉讼中的证据、国际民事诉讼的基本制度、仲裁协议、国际商事仲裁裁决的承认与执行、商事仲裁的审理程序等。
606 0  @a国际商事仲裁@x高等学校@j教材
606 0  @a国际私法
606 0  @a国际私法@x民事诉讼法@x高等学校@j教材
606 0  @a国际商事仲裁
606 0  @a民事诉讼法
690    @aD997.3@v4
690    @aD997.4@v4
701  0 @a屈广清@9qu guang qing@f(1963.8~)@4主编
801  0 @aCN@bNLC@c20070805
905    @a10447@dD997.3@e91
    
    国际民事程序与商事仲裁法/屈广清主编.-北京:法律出版社,2006
    274页;23cm
    高等院校文科教材
    
    ISBN 7-5036-6054-6:CNY28.00
    本书内容包括:概论、当事人的民事诉讼地位、管辖权、国际民事诉讼中的证据、国际民事诉讼的基本制度、仲裁协议、国际商事仲裁裁决的承认与执行、商事仲裁的审理程序等。
●
相关链接 在E读中查询图书 在五车中查询图书 在当当中查询图书 在豆瓣中查询图书


正题名:国际民事程序与商事仲裁法     索取号:D997.3/91         预约/预借

序号 登录号 条形码 馆藏地/架位号 状态 备注
1 0806010   208060104   第一样本阅览室/ [索取号:D997.3/91] 在馆    
2 0806011   208060113   第一借阅区/ [索取号:D997.3/91] 在馆    
3 0806012   208060122   密集书库/ [索取号:D997.3/91] 在馆    
4 0806013   208060131   密集书库/ [索取号:D997.3/91] 在馆    
5 0806014   208060140   密集书库/ [索取号:D997.3/91] 在馆    
6 0806015   208060159   第一借阅区/ [索取号:D997.3/91] 在馆    
7 0806016   208060168   第一借阅区/ [索取号:D997.3/91] 在馆    
8 0806017   208060177   第一借阅区/ [索取号:D997.3/91] 在馆    
9 0806018   208060186   密集书库/ [索取号:D997.3/91] 在馆    
10 0806019   208060195   第一借阅区/ [索取号:D997.3/91] 在馆    
唐山师范学院图书馆 欢迎您!
大连网信软件有限公司© 版权所有